Elementorvm Rhetorices Libri dvo

Bibliographic Details
Main Author: Melanchthon, Philipp, 1497-1560 (Author, Dedicator)
Other Authors: Krafft, Johann, starší, 1510-1578 (Printer), Pico della Mirandola, Giovanni, 1463-1494 (Contributor), Burchard, Franz 1504-1560 (Contributor), Barbaro, Ermolao, 1453-1493 (Contributor)
Format: Book
Language:Latin
PhysicalDescription:217 strán, 21 nečíslovaných strán 17 cm
Subjects:

MARC

LEADER 00000nam a2200000 4500
001 vtls012055286
003 SK-MaSNL
005 20260301223428.0
008 240226s1559 gw a f 011 0 lat
015 |a SNBHFA 
040 |a SNK  |b slo  |c SNK  |e rda 
041 0 |a lat 
044 |a gw  |c DE 
072 7 |a 808  |x Literárny štýl. Literárna činnosť a technika. Efektívne využívanie jazyka. Spisovateľská činnosť  |2 konspekt 
080 |a 808.5  |2 2011 
100 1 |a Melanchthon, Philipp,  |d 1497-1560  |4 aut  |4 dto  |9 42142 
245 1 0 |a Elementorvm Rhetorices  |n Libri dvo  |c Recens Recogniti Ab Avtore Philippo Melanchtone. His adiectae sunt Epistolae contrariae Pici Et Hermolai Barbari. Vnà cum dispositione Phil. Mel. Accessit demum Index et rerum et uerborum locupletissimis 
264 3 |a Vitebergae  |b Excvdebat Iohannes Crato  |c Anno M.D.LIX. (1559) 
300 |a 217 strán, 21 nečíslovaných strán  |c 17 cm 
336 |a text  |b txt  |2 rdacontent 
337 |a bez média  |b n  |2 rdamedia 
338 |a zväzok  |b nc  |2 rdacarrier 
500 |a Iniciálky s ornamentálnym a figurálnym pozadím v rámčeku na 5, 7 riadkov, typografické ozdoby, kustody 
501 |a Príväzok 1. k: MELANCHTHON, Philipp: Erotemata Dialectices Continentia Fere Integram Artem ... - VVitebergae : Iohannes Crato, 1560.  |5 SNK ID 59960 
504 |a Register 
508 |a Dedikácia: Reiffenstein, Albertus; Reiffenstein, Johannes; Melanchthon, Philipp 
546 |a Latinský text  |b Antikva  |b Kurzíva 
561 |a Proveniencia: supralibros I٭G٭E 1561.  |5 SNK ID 59960 
562 |a Rukopisné marginálie a poznámky.  |5 SNK ID 59960/prív.1 
563 |a Väzba: renesančná, drevené dosky, svetlohnedá koža s ornamentálnou a figurálnou slepotlačou s centrálnym figurálnym motívom s textom, poškodené spony.  |5 SNK ID 59960 
650 0 7 |a rétorika  |2 SNKPH  |9 989 
700 1 |a Krafft, Johann,  |c starší,  |d 1510-1578  |4 prt  |9 128691 
700 1 |a Pico della Mirandola, Giovanni,  |d 1463-1494  |4 ctb  |9 129788 
700 1 |a Burchard, Franz  |d 1504-1560  |4 ctb  |9 614329 
700 1 |a Reiffenstein, Albert von  |4 hnr  |9 130090 
700 1 |a Barbaro, Ermolao,  |d 1453-1493  |4 ctb  |9 177641 
700 1 |a Reiffenstein, Johannes  |4 hnr  |9 614330 
752 |a Nemecko  |d Wittenberg 
852 |a snk  |b Historické fondy  |p ID 59960/prív.1 
958 |a ONDV 
958 |a DA 
999 |c 943549  |d 945479 
952 |t Tlače 16. stor.  |a SNK  |b SNK  |c SNK_HF  |y PREZ  |7 0  |p 17A1397483  |o snkID 59960/prív.1  |i snkF 438/73  |8 5  |0 0  |1 0  |4 0  |d 2021-05-24  |f 1  |l 0  |r 2026-02-24 09:25:52  |w 2026-02-24